Russian Diminutive Names (Female) Quiz Stats

 Plays Quiz not verified by Sporcle

Challenge
Share
Tweet
Score 0/20 Timer 05:00
0 Plays Today
% Correct
Svetlana
96.4%
Viktoriya
95.8%
Tatyana
95.8%
Lyubov
95.2%
Yekaterina
93.9%
Yelena
93.3%
Lyudmila
93.3%
Nadezhda
93.3%
Darya
93.3%
Margarita
92.7%
% Correct
Anastasiya
92.1%
Galina
90.9%
Mariya
90.3%
Aleksandra
87.9%
Natalya
87.3%
Marina
87.3%
Yelizaveta
86.1%
Vasilisa
86.1%
Valeriya
83.6%
Yevgeniya
77%

You're not logged in!

Compare scores with friends on all Sporcle quizzes.
OR
Log In

You Might Also Like...

Show Comments

Extras

Top Quizzes Today


Score Distribution

Your Account Isn't Verified!

In order to create a playlist on Sporcle, you need to verify the email address you used during registration. Go to your Sporcle Settings to finish the process.

Report this User

Report this user for behavior that violates our Community Guidelines.

Details: